| 000 -LEADER |
| fixed length control field |
00872nam a2200253Ia 4500 |
| 001 - CONTROL NUMBER |
| control field |
10551 |
| 003 - CONTROL NUMBER IDENTIFIER |
| control field |
GE_BSU |
| 008 - FIXED-LENGTH DATA ELEMENTS--GENERAL INFORMATION |
| fixed length control field |
181216s||||||||xx |||||||||||||| ||und|| |
| 020 ## - INTERNATIONAL STANDARD BOOK NUMBER |
| International Standard Book Number |
9789994050758 |
| 040 ## - CATALOGING SOURCE |
| Transcribing agency |
GE_BSU |
| 080 ## - UNIVERSAL DECIMAL CLASSIFICATION NUMBER |
| Universal Decimal Classification number |
368.9.06+614.2 |
| 100 ## - MAIN ENTRY--PERSONAL NAME |
| Personal name |
ვერულავა,თენგიზ |
| 245 ## - TITLE STATEMENT |
| Title |
ჯანდაცვის ეკონომიკა და დაზღვევა |
| 245 ## - TITLE STATEMENT |
| Remainder of title |
სახელმძღვ. |
| 245 ## - TITLE STATEMENT |
| Statement of responsibility, etc. |
რედ.თ.ლობჟანიძე |
| 250 ## - EDITION STATEMENT |
| Edition statement |
მეორე გამოცემა |
| 260 ## - PUBLICATION, DISTRIBUTION, ETC. |
| Place of publication, distribution, etc. |
თბილისი |
| 260 ## - PUBLICATION, DISTRIBUTION, ETC. |
| Name of publisher, distributor, etc. |
საქ–ს უნ–ტი |
| 260 ## - PUBLICATION, DISTRIBUTION, ETC. |
| Date of publication, distribution, etc. |
2009 |
| 300 ## - PHYSICAL DESCRIPTION |
| Extent |
776გვ.ცხრ.ნახ.ფოტ.24სმ. |
| 653 ## - INDEX TERM--UNCONTROLLED |
| Uncontrolled term |
ჯანდაცვის ეკონომიკა და დაზღვევა |
| 942 ## - ADDED ENTRY ELEMENTS (KOHA) |
| Koha item type |
წიგნი |